| 000 | 00628nam a2200181Ia 4500 | ||
|---|---|---|---|
| 008 | 151202s9999||||xx |||||||||||||| ||und|| | ||
| 082 | _bPNVM-9036 | ||
| 100 | _aपटर्वान का.न. | ||
| 245 | _a"बांा,ताल,बंाारे,निचरा." | ||
| 260 | _bवि.अ.पटर्वान. | ||
| 260 | _c0 | ||
| 300 | _a290 | ||
| 600 | _aपटर्वान का.न. | ||
| 630 | _a"बांा,ताल,बंाारे,निचरा." | ||
| 700 | _aपटर्वान का.न. | ||
| 730 | _a"बांा,ताल,बंाारे,निचरा." | ||
| 942 | _cBOOK | ||
| 999 |
_c1275025 _d1275022 |
||